Central Library OPAC University of Rajshahi

Chamber's shorter six-figure mathematical tables / (Record no. 51207)

MARC details
000 -LEADER
fixed length control field 00606nam a2200205 a 4500
001 - CONTROL NUMBER
control field 51207
003 - CONTROL NUMBER IDENTIFIER
rucl marc code BD-RjUL
005 - DATE AND TIME OF LATEST TRANSACTION
control field 20211209075626.0
008 - FIXED-LENGTH DATA ELEMENTS--GENERAL INFORMATION
fixed length control field 160830s1961 enk 000 0 eng d
035 ## - SYSTEM CONTROL NUMBER
System control number (BD-RjUL) 51327
040 ## - CATALOGING SOURCE
Original cataloging agency CCH
Modifying agency m/c
Language of cataloging eng
Transcribing agency BD-RjUL
041 ## - LANGUAGE CODE
Language code of text/sound track or separate title eng
082 ## - DEWEY DECIMAL CLASSIFICATION NUMBER
Edition number 23
Classification number 510
Author mark and year COC 1961
100 1# - MAIN ENTRY--PERSONAL NAME
Personal name Comrie, L. J.
Fuller form of name (Leslie John),
Dates associated with a name 1893-1950
9 (RLIN) 153198
245 10 - TITLE STATEMENT
Title Chamber's shorter six-figure mathematical tables /
Statement of responsibility, etc. L. J. Comrie
260 ## - PUBLICATION, DISTRIBUTION, ETC. (IMPRINT)
Place of publication, distribution, etc. Edinburgh :
Name of publisher, distributor, etc. W. & R. Chambers,
Date of publication, distribution, etc. 1961
300 ## - PHYSICAL DESCRIPTION
Pagination xxvi, 387 p. ;
Size 25 cm
650 #0 - SUBJECT ADDED ENTRY--TOPICAL TERM
Topical term or geographic name as entry element Mathematics
Form subdivision Tables
9 (RLIN) 153199
942 ## - ADDED ENTRY ELEMENTS (KOHA)
Source of classification or shelving scheme Dewey Decimal Classification
Koha item type Books
Holdings
Lost status Source of classification or shelving scheme Damaged status Not for loan Collection code Permanent Location Current Location Shelving location Date acquired Source of acquisition Cost, normal purchase price Total Checkouts Full call number Date last seen Copy number Koha item type
  Dewey Decimal Classification     Non-fiction Central Library, University of Rajshahi Central Library, University of Rajshahi   04/02/1963 Zeitlinger 15.00   510 COC 1961 30/08/2016 C-3 Books
  Dewey Decimal Classification     Non-fiction Central Library, University of Rajshahi Central Library, University of Rajshahi   04/02/1963 Zeitlinger 15.00   510 COC 1961 30/08/2016 C-2 Books
  Dewey Decimal Classification   Not For Loan Non-fiction Central Library, University of Rajshahi Central Library, University of Rajshahi Reading Room 04/02/1963 Zeittinger 15.00   510 COC 1961 30/03/2017 C-1 Books